Course instruction : Soil conservation and erosion control
The purpose of the practical work is to investigate: 1) The causes of erosion in the Project Area. 2) The degree of the occuring erosion. 3) The consequenses of the erosion for present and future agriculture. 4) Measures to be taken in order to prevent or to control the erosion both on the...
সংরক্ষণ করুন:
| প্রধান লেখক: | |
|---|---|
| বিন্যাস: | গ্রন্থ |
| ভাষা: | Undetermined |
| প্রকাশিত: |
Wageningen
Wageningen Agricultural Univ
1979
|
| বিষয়গুলি: | |
| ট্যাগগুলো: |
ট্যাগ যুক্ত করুন
কোনো ট্যাগ নেই, প্রথমজন হিসাবে ট্যাগ করুন!
|
| Thư viện lưu trữ: | Trung tâm Học liệu Trường Đại học Cần Thơ |
|---|
| LEADER | 00920nam a2200205Ia 4500 | ||
|---|---|---|---|
| 001 | CTU_16369 | ||
| 008 | 210402s9999 xx 000 0 und d | ||
| 082 | |a 631.4 | ||
| 082 | |b S732 | ||
| 100 | |a Spaan, W. P. | ||
| 245 | 0 | |a Course instruction : | |
| 245 | 0 | |b Soil conservation and erosion control | |
| 245 | 0 | |c W. P. Spaan | |
| 260 | |a Wageningen | ||
| 260 | |b Wageningen Agricultural Univ | ||
| 260 | |c 1979 | ||
| 520 | |a The purpose of the practical work is to investigate: 1) The causes of erosion in the Project Area. 2) The degree of the occuring erosion. 3) The consequenses of the erosion for present and future agriculture. 4) Measures to be taken in order to prevent or to control the erosion both on the field and in the drainage system | ||
| 650 | |a Soil conservation,Soil erosion,Soil science | ||
| 904 | |i Nguyễn Quang Điền | ||
| 980 | |a Trung tâm Học liệu Trường Đại học Cần Thơ | ||